000 00554nam a2200229Ia 4500
003 OSt
005 20221005132409.0
006 a|||||r|||| 00| 0
007 ta
008 221004b |||||||| |||| 00| 0 rus d
024 _a53413
037 _cTextual
040 _aCRL
_cCRL
_brus
041 _2rus
_arus
082 _aO142,3M60,2, 32J8
100 _aChekhov
245 0 _aThree years
260 _c1958
650 _aRUSSIAN LITERATURE
942 _hO142,3M60,2, 32J8
_cTEXL
_2cc
999 _c1063503
_d1063503